| 000 | 00688nam a2200289Ia 4500 | ||
|---|---|---|---|
| 005 | 20260324145241.0 | ||
| 008 | 008 260324s9999 xx 000 0 eng d | ||
| 020 | _a9781003407911 | ||
| 037 | _aEBOOK | ||
| 040 | _aCRL | ||
| 040 | _beng | ||
| 040 | _cCRL | ||
| 041 | _2eng | ||
| 041 | _aeng | ||
| 084 | _qCRL | ||
| 100 |
_aZafar Altaf _91218715 |
||
| 245 | 0 | _aPakistani Entrepreneurs | |
| 245 | 0 | _bTheir Development, Characteristics and Attitudes | |
| 260 | _bTaylor and Francis | ||
| 260 | _c1983 | ||
| 365 | _a | ||
| 365 | _b160 | ||
| 856 | _uhttp://www.taylorfrancis.com/books/9781003407911 | ||
| 942 | _cEBOOK | ||
| 999 |
_c1829934 _d1829934 |
||